[Event "Filippo Vetro Memorial"]
[Site "Agrigento"]
[Date "2014.08.07"]
[Round "2"]
[White "Atalik, Suat"]
[Black "Naumkin, Igor"]
[Result "1-0"]
[WhiteElo "2547"]
[BlackElo "2448"]
[Annotator "Atalik,S"]
[PlyCount "87"]
[EventDate "2014.08.06"]
[EventType "swiss"]
[EventRounds "7"]
[EventCountry "ITA"]
[SourceTitle "CBM 163"]
[Source "ChessBase"]
[SourceDate "2014.11.11"]
[SourceVersion "1"]
[SourceVersionDate "2014.11.11"]
[SourceQuality "1"]

1. d4 Nf6 2. c4 e6 3. g3 d5 (3... c5 4. d5 d6 $1 5. Bg2 exd5 6. cxd5 g6 7. Nf3
Bg7 8. O-O O-O 9. a4 $5 {Hulak}) 4. Bg2 Be7 5. Nf3 O-O 6. Nc3 $5 dxc4 (6...
Nbd7 7. Qd3 {Kramnik-Topalov, Tromso (ol) 2014 inspired me to play this line.})
7. Ne5 c5 (7... Nc6 8. Bxc6 bxc6 9. Nxc6 Qe8 10. Nxe7+ Qxe7 11. Qa4 c5 (11...
e5 12. Qxc4 exd4 13. Qxd4 $13) 12. dxc5 Qxc5 13. Be3 Qc7 14. Rd1 Nd5 15. Bd4
Bb7 16. O-O $13 {is the critical position to appreciate this line.}) 8. dxc5
Qc7 (8... Qxd1+ 9. Nxd1 Bxc5 10. Ne3 (10. Bd2 $5 {Oldman's fixation.}) 10...
Bb4+ 11. Bd2 Bxd2+ 12. Kxd2 Rd8+ 13. Ke1 $5) 9. Nxc4 Qxc5 (9... Bxc5 10. O-O $1
Bxf2+ 11. Rxf2 Qxc4 12. Rxf6 gxf6 13. Bh6 $44 {is known to be very good for
White.}) 10. Qb3 Nc6 11. Be3 Qh5 $2 {He has an affiliation for this move.} ({
Black has to improve the following line.} 11... Nd4 12. Bxd4 Qxd4 13. O-O Rb8
14. Rac1 $1 Bd7 15. Rfd1 Qc5 16. Ne4 $1 Qb5 (16... Nxe4 17. Bxe4 Bc6 18. Bxc6
bxc6 $8) 17. Nxf6+ Bxf6 18. Qe3) 12. h3 $1 e5 (12... Nd5 13. g4 Qh4 14. Nxd5
exd5 15. Bxd5 Nb4 16. Ne5 $16) (12... Na5 13. Nxa5 Qxa5 14. O-O $16) 13. g4 Qh4
14. Nd2 $1 e4 $5 $146 {He decided to give a pawn.} (14... Nd4 $2 15. Bxd4 exd4
16. Nf3 Qh6 17. g5 Qg6 18. gxf6 $18) (14... Nd7 15. Nf3 (15. Nd5 Bc5) 15... Qf6
16. Nd5 $16) 15. Ndxe4 (15. Qb5 $5 h6 16. Ndxe4 Nxe4 17. Bxe4 {is another way
to get the pawn.}) 15... Nxe4 16. Bxe4 Bg5 17. Bxg5 Qxg5 18. e3 Qf6 19. Qc2 Nb4
$5 20. Qe2 $5 ({I could have taken the h7-pawn as well.} 20. Bxh7+ Kh8 21. Qe4
a5 22. a3 Bd7 23. axb4 Bc6 24. Nd5 Qd6 25. O-O Bxd5 26. Qd3 $16) 20... Qe7 21.
a3 Na6 (21... Nc6 22. Qc2 Qh4 23. O-O-O Be6 24. Bd5 $16) 22. Qc2 Qh4 23. Rd1 {
I have tried to force the events at once but this may not be the best.} (23.
Nb5 $142 Bd7 24. Nd6 $16) 23... Nc5 24. Rd5 Nxe4 25. Qxe4 Qf6 $2 (25... f5 26.
gxf5 Qxe4 27. Nxe4 Bxf5 28. Nd6 Bd7 29. Rd4 Bc6 30. Rg1 Rf3 31. Rg3 Rxg3 32.
fxg3 Rf8 33. Rf4 Rd8 34. Nf5 Re8 $14) 26. Rh5 h6 27. O-O {I have played rather
safe.} (27. g5 $5 Qg6 28. Qh4 Kh7 29. gxh6 gxh6 30. Rh2 $1 $18 {I have missed
this move threatening Rh2.}) 27... Be6 28. Rd1 Rfd8 29. Rd4 Rxd4 30. exd4 $1
Rd8 31. Re5 b6 32. f4 $138 Qh4 33. Kg2 Bd7 34. d5 Qf6 35. Qe3 Rc8 $2 {Losing
at once.} (35... Qd6 36. f5 $16) 36. Re7 Qd6 37. Qe5 $18 Qxe5 38. fxe5 Rd8 39.
Kg3 Kf8 40. d6 f6 41. Kf4 $2 {Somehow the text also seemed to win quick enough.
} (41. e6 $1 Be8 42. Ne4 Bg6 43. Rxa7 $18) 41... a5 $2 $138 (41... fxe5+ 42.
Kxe5 Re8 43. Nd5 Bc6 44. Rxe8+ Kxe8 45. Nc7+ Kf7 46. h4 Bd7 47. g5 hxg5 48.
hxg5 Kg6 49. Ne6 Kf7 50. g6+ $18) 42. e6 $1 {No second chance!} Be8 43. Ne4 Bg6
44. Rb7 1-0

[Event "Lee Cup 3rd"]
[Site "Beijing"]
[Date "1996.??.??"]
[Round "9"]
[White "Stohl, Igor"]
[Black "Atalik, Suat"]
[Result "1/2-1/2"]
[WhiteElo "2560"]
[BlackElo "2525"]
[Annotator "Atalik,S"]
[PlyCount "95"]
[EventDate "1996.08.??"]
[EventType "swiss"]
[EventRounds "11"]
[EventCountry "CHN"]
[SourceTitle "CBM 054 Extra"]
[Source "ChessBase"]
[SourceDate "1996.11.01"]
[SourceVersion "1"]
[SourceVersionDate "1996.11.01"]
[SourceQuality "1"]

1. d4 Nf6 2. c4 e6 3. Nf3 d5 4. g3 c5 $6 5. cxd5 Nxd5 6. Bg2 Nc6 7. O-O Be7 8.
dxc5 (8. Nc3 O-O {-D41} 9. e4 Nb6 10. d5 (10. dxc5 Qxd1 11. Rxd1 Bxc5 12. Bf4 (
12. e5 Bb4 $1 13. Bf1 (13. Bf4 Bxc3 14. bxc3 Na5 15. Be3 Nd5 16. Bc5 Re8 17.
Rac1 b6 18. Bb4 Nc4 19. Rd4 (19. Bf1 Ba6 20. Rd4 (20. Nd2 $6 Nxd2 21. Bxa6 Nxb4
(21... Nf3+ 22. Kg2 Nxe5) 22. cxb4 Nf3+ 23. Kg2 Nxe5)) 19... Ba6 20. Bf1 Rac8
21. Ra1 (21. a4 $2 Nxb4 22. cxb4 Nxe5 23. Rxc8 Nxf3+ 24. Kg2 Bxf1+) (21. Rcd1
Nxb4 22. cxb4 Bb7 23. Rxc4 Bxf3 24. Rd7 g5) 21... Nxb4 22. cxb4 Bb7 23. Bxc4
Bxf3 24. Rf4 g5 25. Rxf3 Rxc4 26. Rd1 Re7 $15) 13... Bxc3 14. bxc3 Bd7 15. Be3
(15. Rb1 Nb8 16. Nd4 Nc6 17. Nf3 Nb8 $10) 15... Nd5 16. Bc5 Rfd8 17. c4 Nde7
18. Rab1 b6 19. Bd6 Be8 20. c5 Nd5 21. Rdc1 Na5 22. Nd4 Nb7 23. Bb5 $10) 12...
f6 13. Rac1 e5 14. Nb5 (14. Nd5 Bd4 15. Be3 Bg4 16. Rd2 Bxe3 17. fxe3 Rad8 18.
Nxb6 (18. Nh4 Rd7 19. Nf5 Nxd5 20. Rxd5 Rfd8 21. Rcc5 Kf8 $17) 18... axb6 19.
Rd5 Rc8 20. Rcd1 Rfd8) 14... exf4 15. Rxc5 fxg3 16. hxg3 Bg4 17. Rd2 (17. Rd6
Rad8 18. Nh2 Be2 $1 $10) 17... Rad8 18. Nd6 Rfe8 $1 $10) 10... exd5 11. exd5
Nb4 12. Ne1 (12. Ne5 Bd6 (12... Bf6 13. f4 Bf5 14. a3 Nc2 15. Ra2 (15. g4 Nxa1
16. gxf5 c4 17. Be3 Nb3 18. d6 Re8 $1 $13) 15... Rc8 16. b3 (16. g4 Bxe5 17.
fxe5 Bg6 18. b3 (18. d6 Qd7 19. Nd5 Nxd5 20. Bxd5 Nd4 $13) 18... Nd4 19. Be3
Re8 20. Bxd4 cxd4 21. Qxd4 Qc7 $10) 16... Nd4 17. Be3 Qc7 $1 $13 (17... Re8 18.
Bxd4 (18. b4 Bxe5 19. fxe5 Nc4 $1 20. Bf2 b6 21. bxc5 bxc5 22. Bxd4 cxd4 23.
Qxd4 Rxe5 $10) 18... cxd4 19. Qxd4 Qc7 20. Nb5 Bxe5 21. Qxe5 Qxe5 22. fxe5 Rxe5
23. Nd6 (23. Nxa7 Rd8 $1 $10) 23... Rc2 24. Rxc2 Bxc2 25. Rxf7 Nc8 26. Rc7 Nxd6
27. Rxc2 $10) (17... Qe7 18. b4 Bxe5 19. fxe5 Qxe5 20. Bf4 $13) (17... Be7 18.
g4 Bd7 19. b4 cxb4 20. axb4 Bxb4 $1 21. Ne4 Nb5 22. Qd3 $13)) 13. Nd3 Bg4 14.
Qxg4 Nxd3 15. Bh6 (15. Bg5 f5 16. Qh5 Qd7 17. Qe2 c4 18. Qe6+ (18. b3 $2 Rae8
19. Qd2 f4 $1 20. bxc4 Qf5 $1 21. Rad1 (21. Be4 Rxe4 22. Qxd3 f3 $1 23. Kh1 Qh3
24. Rg1 Rg4 $19) 21... Nxf2 22. Qxf2 (22. Rxf2 Qxg5 23. Ne4 Rxe4 24. Bxe4 Bc5
$19) 22... Qxg5 23. Ne4 Rxe4 24. Bxe4 Nxc4 $1 25. Bxh7+ Kh8 26. Qg2 Qh6 $17)
18... Rf7 19. a4 Re8 20. Qxd7 Rxd7 21. a5 Nc8) 15... Qf6 16. Bd2 Be5 17. Bg5
Qg6 18. Be4 f5 19. Bxd3 fxg4 20. Bxg6 hxg6 21. Be7 Rf7 22. Bxc5 Bxc3 23. Bxb6
Bxb2 24. Rab1 Ba3 25. Be3 b6 26. Rfd1 Rd8 27. Rb3 Bf8 $14) 12... Bf6 13. Be3 (
13. Nd3 Bg4 14. Qxg4 Nxd3 15. Rd1 c4 16. Be4 Bxc3 17. Bxd3 (17. bxc3 $2 Nxf2 $1
18. Kxf2 f5 $19 19. Bxf5 Qd7) 17... cxd3 18. bxc3 Qxd5 19. Bh6 Qe5 20. Rxd3 $10
) 13... Bxc3 14. bxc3 N4xd5 15. Bxc5 Re8 16. Qd4 (16. Bd4 Bf5 17. Rc1 Rc8 $10)
16... Qf6 17. Bxb6 Nxb6 18. Qxf6 gxf6 19. Nd3 Na4 20. c4 Be6 21. Rfc1 Re7 22.
Nf4 Rc8 23. Bd5 Nb6 24. Re1 Kf8 25. Nxe6+ fxe6 26. Rxe6 Nxd5 27. cxd5 Rxe6 28.
dxe6 Ke7 29. Re1 Rc6 $10) 8... O-O 9. a3 (9. Qc2 Qa5 $5 10. Ng5 $5 f5 (10...
Nf6 11. Nc3 Qxc5 12. Be3) 11. Rd1 (11. e4 Ndb4 12. Qc3 Qxc5) 11... h6 $1 (11...
Rd8 12. Bxd5 Rxd5 13. Rxd5 exd5 14. Be3 Bxg5)) 9... Bxc5 10. b4 (10. Qc2 Be7
11. Rd1 Bd7 12. e4 Nb6 13. Nc3 Rc8 14. Bf4 Qe8 15. Qe2 Na5 16. Ne5 Ba4 17. Nxa4
Qxa4 18. Rac1 Nb3 19. Rxc8 Rxc8 20. Be3 Bf6 21. Ng4 Bd4 22. Qd3 e5 23. Bxd4
exd4 24. Ne5 {0.5-0.5 Brestian,E(2470)-Hmadi,S(2335) Novi Sad olm(07) OST-TUN
1990} (24. Ne5 Nc1 $1 $40)) 10... Be7 11. Bb2 Bf6 12. Qb3 Bd7 13. Nbd2 Bxb2 14.
Qxb2 Qe7 15. Rac1 Rfc8 (15... b5 16. Ne5 (16. Nd4 Nxd4 17. Qxd4 a5 18. Qc5 Qxc5
19. Rxc5 axb4 20. Bxd5 exd5 21. axb4 Ra2 $132) 16... Nxe5 17. Qxe5 Rfe8 (17...
f6 18. Qd4 $16 a5 $140 $2 19. e4) 18. Nb3 $16) 16. e4 Nb6 17. e5 $1 {xd6} a5 (
17... Nd8 18. Ne4 Rxc1 19. Rxc1 Rc8 20. Nd6 Rxc1+ 21. Qxc1 Bc6 22. b5 Bd5 23.
a4 $3 (23. Qc5 Nc4 24. Qxa7 Nxd6 25. exd6 Qxd6) (23. h4) 23... Nxa4 24. Qc8 (
24. Qa3 Qc7 25. Qxa4 Qc1+ 26. Bf1 Bxf3 27. b6 Qc6 $8 28. Qxa7 $13) 24... Nb6
25. Qb8 $16 {xNd8} Nd7 (25... Nc4 26. Nh4 $1 $18 (26. Ne1 $5 Nxe5 27. Bxd5 exd5
28. Nxb7 Nec6 29. bxc6 Qxe1+ 30. Kg2 Qe4+ 31. f3 Qc2+ 32. Kh3 Qf5+ $10) (26.
Nd4 $6 Bxg2 $1 {xKg2} (26... Nxe5 27. Bxd5 exd5 28. Nxb7) 27. Kxg2 Nxe5 28. Nf3
Nxf3 29. Nxb7 Nd4 30. Nxd8 Qf8)) 26. Qc7) 18. bxa5 (18. b5 Na7 19. Nd4 Na4 $132
) 18... Nd5 19. Nc4 Nxa5 20. Nd6 Rxc1 21. Rxc1 f6 (21... Bc6 22. Nd4 $16) (
21... Ba4 22. Nd4 Nc6 23. Bxd5 exd5 24. N4f5 Qc7 $8 (24... Qd7 25. Nxg7) (24...
Qe6 25. Qxb7 Rb8 26. Qc7) (24... Qxe5 25. Qxb7)) (21... b5 22. Bf1 $1) 22. Ne4
$1 Ra6 $5 (22... Bc6 23. exf6 gxf6 24. Nd4 $16) (22... b5 23. exf6 gxf6 24.
Nfd2 $16 {xf6,x <->h1,a8}) 23. exf6 gxf6 24. Nd4 Rb6 25. Qa2 (25. Qd2 $1 Nc6 $8
(25... Qxa3 $2 26. Nc5 $18) 26. Nc5 Nxd4 27. Qxd4 Rc6 $1 (27... Bc6 28. Re1)
28. Bxd5 exd5 29. Qxd5+ Be6 (29... Qe6 30. Qd1) 30. Qe4 (30. Qd4 $2 b6 31. Nd3
Rxc1+ 32. Nxc1 Qxa3) 30... Rxc5 31. Rxc5 Qxc5 32. Qxe6+ Kg7 $14) 25... Nc6 26.
Nf5 exf5 27. Nc3 (27. Qxd5+ Be6 28. Qc5 Qxc5 29. Nxc5 Bc8 $10) (27. Nc5 Kg7 28.
Qxd5 Bc8) 27... Qe5 $1 $8 28. Qxd5+ Be6 29. Qd2 Qd4 $1 (29... Nd4 $2 30. Re1 (
30. f4 $6 Qc5 31. Na4 Qxa3 $5 32. Nxb6 Qxc1+ 33. Qxc1 Ne2+ 34. Kf2 Nxc1 35.
Bxb7 $10) 30... Rb2 $5 (30... Nb3 $4 31. Qd8+ Kg7 32. Rxe5) (30... Qd6 31. Rd1
Rb3 32. Nd5 $18) 31. Qd1 Qd6 (31... Qc5 32. Na4) (31... Bb3 32. Rxe5 Bxd1 33.
Re8+ Kf7 34. Nxd1) 32. Rxe6 Ne2+ (32... Nf3+ 33. Bxf3) 33. Qxe2) 30. Qe1 $138
Bf7 $6 (30... Qe5 31. Ne2 Bf7 $1 $10) 31. Nd5 Bxd5 32. Rd1 Qe5 33. Bxd5+ Kg7
34. Bxc6 Qxe1+ 35. Rxe1 bxc6 36. Ra1 $6 f4 $6 (36... Kf7 $1 37. Rc1 $10 (37. a4
Ke6 38. a5 Ra6 39. Kg2 Kd5 40. Kf3 c5 $17)) 37. a4 (37. gxf4 $1 Kg6 38. a4 Kf5
39. a5 Ra6 40. Ra4 Ke6 (40... c5 $2 41. Kf1 (41. Kg2 Ke6 42. Kf3 Kd5 43. Ke3
Kc6 44. Ra1 Kb5 $10) 41... Ke6 42. Ke2 Kd5 43. Kd3 $18) 41. Kg2 (41. Kf1 Kd5
42. Ke2 Kc5 $10) 41... Kd5 42. Kf3 c5 43. Ra1 f5 44. Ke3 Kc4 $10) 37... fxg3
38. fxg3 Kf7 39. a5 Ra6 40. Kf2 Ke6 41. Ke3 Kd5 42. Kd3 Kc5 43. Rc1+ $1 Kd6 $44
(43... Kb4 44. Kd4 Rxa5 45. Rb1+ Ka3 46. Ra1+ Kb4 47. Rxa5 Kxa5 48. Kc5 $18) (
43... Kd5 44. Rf1 Ke6 45. Ra1 Kd5 $10) (43... Kb5 44. Kd4 $1 $18) 44. Rf1 Rxa5
45. Rxf6+ Ke5 46. Rxc6 Ra3+ 47. Kc4 Kf5 48. Rh6 $10 1/2-1/2

[Event "Veliko Gradiste Silver Lake op"]
[Site "Veliko Gradiste"]
[Date "2016.06.24"]
[Round "7"]
[White "Atakisi, Umut"]
[Black "Atalik, Suat"]
[Result "0-1"]
[WhiteElo "2358"]
[BlackElo "2572"]
[Annotator "Atalik,S"]
[PlyCount "74"]
[EventDate "2016.06.19"]
[EventType "swiss"]
[EventRounds "9"]
[EventCountry "SRB"]
[SourceTitle "CBM 174"]
[Source "ChessBase"]
[SourceDate "2016.09.13"]
[SourceVersion "1"]
[SourceVersionDate "2016.09.13"]
[SourceQuality "1"]

1. Nf3 d5 2. d4 Nf6 3. c4 e6 4. g3 Be7 5. Bg2 O-O 6. O-O c6 7. Qc2 b6 {The
traditional Catalan is what I had prepared against Retardo.} 8. Nbd2 (8. Rd1
Nbd7 9. b3 Ba6 (9... Bb7 10. Nc3 Ba6 $5) 10. Nbd2 Rc8 11. e4 Bb7 (11... c5 12.
exd5 exd5) 12. Bb2 Qc7 {is an incredibly refined idea by Lputian. Despite a
loss of tempo White's Nd2 and Bb2 are both developed on passive squares since
Nc3 and Bf4 are more preferred.} 13. e5 Ne8 14. Rac1 Qb8 $132) 8... Bb7 9. e4
Na6 $5 {This little move popularised by Graf attracted me to this orthodox
follow up.} (9... Nbd7 10. e5 Ne8 11. cxd5 cxd5 (11... exd5 12. Rd1 Nc7 13. Nf1
Ne6 14. Ne3) 12. Re1 Qc8 13. Qd1 Ba6 14. Nf1 Qb7 {and Black has to crawl out
when Ne8 is a liability.}) 10. Rd1 (10. a3 dxc4 $5 11. Nxc4 b5 $132) (10. e5
$142 Nd7 11. a3 {looks like the best move order.} c5 (11... Rc8 12. b4 c5 13.
dxc5 bxc5 14. b5 Nc7 15. a4 $16) 12. dxc5 bxc5 (12... Naxc5 13. b4 Na6 (13...
Ne4 14. cxd5 Nxd2 15. Nxd2 Bxd5 16. Bxd5 exd5 $14) 14. Bb2 $14) 13. Re1 $1 Nb6
$13) 10... Rc8 $1 (10... Nb4 11. Qb1 dxe4 (11... dxc4 12. e5) 12. Nxe4 c5 13.
Nxf6+ Bxf6 14. Ng5 Bxg5 15. Bxb7 Rb8 16. Bxg5 Qxg5 17. Be4 $14) 11. e5 Nd7 {
Another good point for the home team: the knight is well placed on d7.} 12. a3
(12. cxd5 Nb4 (12... cxd5 $5 13. Qb3 Nb4 14. a3 Nc2 15. Rb1 Ba6) 13. Qe4 cxd5
14. Qg4 f5 15. exf6 Rxf6) 12... c5 13. dxc5 Rxc5 $146 {Black wants to activate
the long diagonal a8-h1 with ...Qa8.} (13... Naxc5 14. b4 Ne4 15. Bb2 Nxd2 16.
Nxd2 Qc7 17. Qb3 dxc4 18. Nxc4 (18. Qxc4) 18... Bxg2 19. Kxg2 $14) 14. b4 Rc7
15. b5 $2 {Surprised by the type of position Retardo panicks!} ({The way to
evacuate the c-file is} 15. Qb3 $1 Qa8 (15... Qc8 16. cxd5 Bxd5 17. Qe3 Qb7 18.
Bb2) 16. Bb2 (16. cxd5 Bxd5 17. Qd3 Nab8 18. Bb2 a5 $1) 16... dxc4 (16... Rfc8
17. cxd5 Bxd5 18. Qe3 Nab8 19. Ne1 Bxg2 20. Nxg2 a5 $132) 17. Nxc4 Bd5 18. Rxd5
$1 Qxd5 19. Nfd2 Qb5 20. Qd1 Ndb8 21. Nd6 $44) (15. Qd3 $2 dxc4 16. Nxc4 Bxf3
17. Bxf3 b5 18. Na5 Nxe5 $17) 15... Nac5 16. Bb2 Qa8 $17 17. Nd4 $2 {Makes
things even worse.} Nxe5 18. Nxe6 Nxe6 19. Bxe5 Rc5 (19... Rcc8 $142) 20. Bc3
dxc4 (20... d4 $2 21. Bxb7 Qxb7 22. Bb4 Ng5 23. Bxc5 Bxc5 (23... Nh3+ 24. Kf1
Bxc5 25. Qe4 $1 $18) 24. Qf5 $1 $18) 21. Ne4 Rd5 22. Rxd5 Bxd5 23. Rd1 Rd8 24.
Bb2 Kf8 $2 {This is one of the moments when you feel that you have done
something wrong but you are unable to see one or two tricks clearly.} (24...
Bb7 $142 25. Rxd8+ Qxd8 26. Qxc4 (26. Nf6+ Bxf6 27. Bxf6 Qxf6 28. Bxb7 c3 $19)
26... Qd1+ {wins a piece by force.} 27. Qf1 (27. Bf1 Qb1) 27... Qc2 $19) (24...
h6 $4 25. Rxd5 Rxd5 26. Nc3) 25. h4 h6 26. Kh2 Qb8 $2 ({This time I saw but I
could not accept the fact that a6 remains on the board.} 26... a6 27. bxa6 b5
28. Rxd5 Qxd5 29. Ng5 Qc5 30. Nxe6+ fxe6 31. Qh7 c3 32. Bxc3 Qxc3 33. Qh8+ Kf7
34. Qxd8 Bxd8 35. a7 Qxa3 36. a8=Q Qxa8 37. Bxa8 b4 $17 {is far from being a
dead draw.}) 27. Nc3 $2 $138 (27. Nc5) ({I had seen the dangerous line} 27. Ng5
$3 Bxg2 (27... hxg5 28. Qh7 Bf6 29. Bxf6 gxf6 30. Bxd5 Qc7 $11) 28. Nxe6+ fxe6
29. Qg6 e5 30. Qf5+ $1 {However I did not grasp the importance of this check.}
(30. Rxd8+ $2 Qxd8 31. Qf5+ Bf6 32. Kxg2 Qd5+ $19) 30... Bf6 (30... Kg8 31.
Rxd8+ Qxd8 32. Qe6+ Kf8 33. Kxg2 $14) 31. Bxe5 $3 Qc8 32. Rxd8+ Qxd8 33. Bxf6
Qxf6 (33... gxf6 34. Kxg2 c3) 34. Qc8+ $1 Ke7 35. Kxg2 Qe6 36. Qc7+ (36. Qxe6+
$2 Kxe6) 36... Kf6 37. Qf4+ Kg6 $15 {and White comes close to drawing the game.
}) 27... Bxg2 28. Qh7 Bf6 29. Kxg2 (29. a4 g6) 29... Qb7+ (29... Rxd1 $4 30.
Qh8+) 30. Kg1 Rxd1+ 31. Nxd1 Nd4 $3 {This is the real coup de grâce!} ({
White may survive in both the following cases.} 31... Bxb2 32. Nxb2 c3 33. Nd1
Qf3 34. Ne3 $17) (31... Qf3 32. Qh8+ Ke7 33. Bxf6+ Kxf6 34. Ne3 $17) 32. Bxd4
Bxd4 33. Ne3 (33. Qc2 Qf3 $19) 33... Bxe3 34. fxe3 Qf3 35. Qh8+ Ke7 36. Qxg7
Qxe3+ 37. Kg2 c3 (37... c3 38. Qg4 c2 39. Qb4+ Ke8 $19) 0-1

[Event "EU-ch 8th"]
[Site "Dresden"]
[Date "2007.04.13"]
[Round "10"]
[White "Ris, Robert"]
[Black "Vaganian, Rafael A"]
[Result "0-1"]
[WhiteElo "2411"]
[BlackElo "2590"]
[Annotator "Avrukh,B"]
[PlyCount "64"]
[EventDate "2007.04.03"]
[EventType "swiss"]
[EventRounds "11"]
[EventCountry "GER"]
[SourceTitle "CBM 118"]
[Source "ChessBase"]
[SourceDate "2007.05.31"]
[SourceVersion "1"]
[SourceVersionDate "2007.05.31"]
[SourceQuality "1"]

1. d4 e6 2. Nf3 Nf6 3. c4 d5 4. g3 Be7 5. Bg2 O-O 6. O-O c6 7. Qc2 b6 8. Rd1
Bb7 ({Black has another option} 8... Ba6 9. b3 Nbd7 {, which leads to a
fashionable tabya.}) 9. b3 Na6 $5 {Quite an interesting alternative to the
well-known} (9... Nbd7) 10. Nc3 c5 11. cxd5 exd5 {Maybe objectively not the
best move, but it's easy to understand Rafael, who was aiming for a
complicated game.} ({Black has good chances to equalise after} 11... Nb4 {
for example:} 12. Qb1 (12. Qb2 Nfxd5 $13) 12... Nbxd5 13. Bb2 cxd4 {1/2-1/2
Ross,D-Dizdar,G/Saint John 1988/CBM 006 (36)} (13... Nxc3 14. Bxc3 Qc7 $11))
12. Bb2 ({White can also develop his bishop another way:} 12. Bf4 Qd7 13. Be5
h6 14. Nh4 Nb4 15. Qf5 {1-0 Marin,M-Bagaturov,G/Batumi 1999/CBM 074 (41) with
some pressure.}) 12... Qc8 (12... Rc8 {is always met by} 13. Bh3 Rb8 14. Rac1
$14 {1-0 Gasthofer,V-Deutsch,A/Orel 1992/EXT 1997 (34)}) 13. Rac1 Rd8 $146 {
There are two games in my database, where this position has occurred, with
Black to move! It's understandable, since Black has played 10...c5 after he
previously started with 6...c6. Anyway, I don't believe it's very important in
this position and might change the assessment of the whole line. In my opinion
White keeps a slight edge in this position.} (13... h6 14. e3 Qe6 15. Ne5 Rfc8
16. Qb1 Bd6 17. Ne2 $14 {1-0 Veingold,A-Gonzalez Mateos,R/Benasque 1993/TD (54)
}) 14. Qb1 h6 {[%csl Gg5] Black covers the g5-square with the clear intention
to play 15...Qe6.} (14... Qe6 $2 15. dxc5 $1 bxc5 16. Ng5 Qg4 17. Nxd5 {
[%csl Gh7][%cal Gb2f6]}) 15. dxc5 {Quite a possible continuation.} ({I would
definitely prefer the solid} 15. e3 Qe6 16. Ne2 $14) 15... bxc5 16. Ne5 ({
Another option would have been} 16. Nh4 {but Black is fine after} d4 ({worse is
} 16... Qe6 17. Nf5 Bf8 18. e3 g6 19. Nh4 Bg7 20. Ne2 $14) 17. Nf5 Bf8 18. Ne4
Nxe4 19. Bxe4 Bxe4 (19... Re8 $5) 20. Qxe4 Qe6 21. Qxe6 fxe6 22. Nh4 Nb4 $1
$132) 16... d4 ({The natural} 16... Qe6 {is strongly met by} 17. Nd3 {and the
idea Nf4 is very unpleasant.}) 17. Bxb7 $2 {A huge strategical mistake, which
allows Black to seize the initiative.} ({White should have played} 17. Ne4 Nxe4
18. Bxe4 Bxe4 19. Qxe4 Qe6 20. e3 $1 {and after} dxe3 21. Qxe3 Bf6 22. Re1 Bxe5
23. Qxe5 Qxe5 24. Bxe5 Rd2 $11 {Black equalises comfortably, but White is
definitely out of danger.}) 17... Qxb7 18. Na4 {Certainly not the best square
for White's knight, where it will be completely out of the game.} Rd5 $1 19.
Nf3 ({Black is better also after} 19. Nd3 Re8 20. Ba3 Ne4) 19... Re8 $17 {
The game has been changed dramatically over the last few moves and now Black
has a clear advantage, while it's difficult to imagine White's counterplay.}
20. Ba3 Bf8 {[%csl Ge2]} (20... Bd6 $5) 21. Qd3 Ne4 22. Rc2 Rf5 23. Rf1 ({
Apparently a better try would have been} 23. Nb2 {with the idea Nc4.} {But
anyway Black keeps a clear edge after} Rf6 (23... Nc7 24. Nd2 $1 {[%csl Gf5]})
24. Nc4 Nc7 {following by 25...Nd5.}) 23... Re6 24. h4 $2 {[%csl Gg3]
Obviously a suicidal decision, now White will be helpless against Black's idea
to sacrifice something on g3.} ({Black wins nicely after the natural} 24. Nd2
c4 $1 25. bxc4 (25. Nxc4 Bxa3 26. Nxa3 Nb4 27. Qxd4 Rd5 28. Rc7 Qxc7 29. Qxb4
Nd2 $19) 25... Bxa3 26. Qxa3 Ng5 27. f3 Rxe2 {with a decisive attack.}) (24.
Nb2 $142 $17) 24... Bd6 {[%csl Gg3]} 25. Nb2 (25. Nd2 Nxd2 26. Rxd2 Rff6 {
threatening 27...Bg3} 27. Rfd1 Bxg3 (27... Re4 $5 $19 {[%cal Ge4h4]}) 28. fxg3
Re3 29. Nxc5 Nxc5 30. Bxc5 Rg6 $1 31. Qxg6 fxg6 32. Bd6 d3 $1 33. Rxd3 (33.
exd3 Qb6 $1 {[%csl Gd6,Gg1]}) 33... Rxe2 34. Rd5 Rxa2 $19) 25... Rg6 26. Nc4 (
26. Rd1 Bxg3 27. fxg3 Qb8 $1 {wins easily.}) 26... Bxg3 $1 {Not a difficult
move, but anyway it's nice.} 27. fxg3 Qb8 ({The computer shows} 27... Rxg3+ 28.
Kh1 Qc8 $19 29. Qxe4 $140 Rf4 $1 {[%cal Gc8h3]}) 28. e3 ({Of course more
stubborn was} 28. Ng5 {but White is lost after} Rxf1+ 29. Kxf1 Nxg3+ 30. Kf2
Qf4+ 31. Qf3 hxg5 $19) 28... Qxg3+ {Now it's mate.} 29. Kh1 Qh3+ (29... Rxf3)
30. Rh2 Ng3+ 31. Kg1 Nxf1+ 32. Kf2 Nxh2 0-1

[Event "Lazne Bohdanec"]
[Site "Lazne Bohdanec"]
[Date "1996.??.??"]
[Round "1"]
[White "Neverov, Valeriy"]
[Black "Votava, Jan"]
[Result "1-0"]
[WhiteElo "2515"]
[BlackElo "2540"]
[Annotator "Baburin,A"]
[PlyCount "67"]
[EventDate "1996.01.??"]
[EventType "tourn"]
[EventRounds "11"]
[EventCountry "CZE"]
[EventCategory "10"]
[SourceTitle "CBM 051"]
[Source "ChessBase"]
[SourceDate "1996.04.01"]
[SourceVersion "1"]
[SourceVersionDate "1996.04.01"]
[SourceQuality "1"]

1. d4 d5 2. c4 e6 3. Nf3 Nf6 4. g3 c5 5. cxd5 exd5 6. Bg2 Nc6 7. O-O Be7 8.
dxc5 Bxc5 9. a3 a5 $2 {This is a serious mistake, since it weakens the
b5-square, Black could have allowed b2-b4. In the game a well known
theoretical postion arises, but with moves a2-a3 & a7-a5 included, this
clearly favours White.} 10. Bg5 O-O 11. Nc3 d4 12. Bxf6 Qxf6 13. Nd5 Qd8 14.
Nd2 Be6 15. Nf4 Bd7 16. Rc1 Bd6 17. Nd3 Re8 18. Ne4 Bg4 19. Re1 Rc8 20. Qb3 Re7
21. Qb5 {Exploiting the weakness of the b5-square.} Rec7 22. h3 Be6 23. Nec5
Bxc5 24. Rxc5 Qd6 25. Rec1 h6 26. Qb6 $1 Re7 27. Rxa5 Bd7 28. Rd5 Qf6 29. b4
Rce8 30. b5 Nb8 31. Qxf6 gxf6 32. Nf4 Re5 33. a4 b6 34. Rxd4 1-0